| 000 | 00660nam a2200205 i 4500 | ||
|---|---|---|---|
| 001 | 19716 | ||
| 003 | ES-MaACL | ||
| 005 | 20230906152143.0 | ||
| 007 | t| | ||
| 008 | 021008s1861 fr ||||1| fre d | ||
| 100 | 1 |
_aAbout, Edmond, _d1828-1885 _918117 |
|
| 245 | 1 | 0 |
_aRome contemporaine / _cpar Edmond About. |
| 260 |
_aParis : _bLibrairie de Michel Lévy Frères et Cie., _c1861 ( _fImp. de Ch. Lahure et Cie.) |
||
| 300 |
_aIV, [5]-370 p. ; _c22 cm. |
||
| 490 | 1 | _aCollection Hetzel | |
| 651 | 4 |
_aRoma (Ciudad)- _xDescripción. _9172244 |
|
| 830 | 1 |
_aCollection Hetzel _9188385 |
|
| 852 |
_aES-MaACL _jG-8298 _z- Enc. holandesa |
||
| 999 |
_c19716 _d19716 |
||